000 00286nam a2200109Ia 4500
008 200302s9999 xx 000 0 und d
100 _aJohan van Lengen
245 _aThe Barefoot architect A handbook for green building
260 _bShelter Publications
260 _c2008
300 _a697
999 _c7263
_d7263